=LDR 00000nam 2200000 4500 =001 INLIS000000000810401 =005 20251207021417 =035 ##$$a 0010-1225000039 =007 ta =008 251207###########################0###### =082 ##$$a 297.122 =084 ##$$a R 297.122 AND t =245 ##$$a Tafsir Juz ‘Amma /$c Dr. Firanda Andirja, Lc. M.A. =250 ##$$a Cet. 1 =260 ##$:$b Ustadz Firanda Office =300 ##$$a 736 hlm ; $c 24 cm